| 000 | 00485nam a22001457a 4500 | ||
|---|---|---|---|
| 003 | OSt | ||
| 005 | 20150906110336.0 | ||
| 008 | 150906b xxu||||| |||| 00| 0 eng d | ||
| 040 | _cRUA | ||
| 082 | _aAGR ខៀវ 1991 B004 Or.1 | ||
| 100 |
_992 _aខៀវ តុងលី |
||
| 245 | _aសត្វល្អិត និងជំម្ងឺលើដំណាំស្រូវស្ធានីយ៍ស្ទឹងមានជ័យ | ||
| 300 |
_a79p. _bill. _c29cm. |
||
| 942 |
_2ddc _cAGR |
||
| 999 |
_c86 _d86 |
||